000 00834nam a2200181Ia 4500
008 100920s9999 xx 000 0 und d
082 _b65506
_a891.43 थ 93
100 _aप्रसाद राजेंद्र.
245 _aभारतीय जन-जीवन चिन्तन के दर्पण में.खंड-1.
260 _bसूचना और प्रसारण मन्त्रालय, भारत सरकार.
_c1993
300 _a227
_bसाधी
365 _b40
520 _aहिंदी.
630 _aभारतीय जन-जीवन चिन्तन के दर्पण में.खंड-1.
650 _aहिंदी.
730 _aभारतीय जन-जीवन चिन्तन के दर्पण में.खंड-1.
942 _cBOOK
999 _c708263
_d708260